Suomen hallitsijat 1250 - 2017 - Statistics

Yleistilastot
  • Tätä visaa on pelattu 541 kertaa
  • Keskiarvotulos 23 / 58
Vastaustilastot
Vastaus % Oikein
Sauli Niinistö 2012 -
97%
Tarja Halonen 2000 - 2012
97%
Urho Kekkonen 1956 - 1981
95%
C.G.E. Mannerheim 1944 - 1946
92%
Martti Ahtisaari 1994 - 2000
91%
Mauno Koivisto 1982 - 1994
91%
Risto Ryti 1940 - 1944
88%
Kyösti Kallio 1937 - 1940
84%
KJ Ståhlberg 1919 - 1925
83%
Juho Kusti Paasikivi 1946 - 1956
79%
Lauri Kristian Relander 1925 - 1931
78%
Per Erik Svinhufvud 1931 - 1937
77%
Kustaa II Aadolf 1611 - 1632
75%
Kustaa I Vaasa 1523 - 1560
75%
Nikolai II 1894 - 1917
63%
Aleksanteri I 1809 - 1825
61%
Nikolai I 1825 - 1855
61%
Aleksanteri II 1855 - 1881
60%
Aleksanteri III 1881 - 1894
56%
Kaarle IX 1604 - 1611
54%
Kaarle Knuutinpoika Bonde 1436 - 1440
54%
Kaarle VIII Knuutinpoika 1467 - 1470
54%
Kaarle VIII Knuutinpoika 1448 - 1457
54%
Kaarle X Kustaa 1654 - 1660
54%
Eerik XIV 1560 - 1568
40%
Eerik Akselinpoika Tott 1466 - 1467
31%
Kristiina 1632 - 1654
30%
Kustaa III 1771 - 1792
28%
Eerik Trolle 1512
27%
Eerik XIII Pommerilainen 1396 - 1436
27%
Fredrik I 1720 - 1751
25%
Juhana III 1568 - 1592
21%
Kristian II 1520 - 1521
21%
Kristian I Oldenburgilainen 1457 - 1464
21%
Maunu III Ladonlukko 1275 - 1290
21%
Sigismund 1592 - 1599
21%
Aadolf Fredrik 1751 - 1771
20%
Kustaa IV Adolf 1792 - 1809
20%
Muanu IV Eerikinpoika 1319 - 1364
20%
Kaarle XI 1660 - 1697
19%
Kaarle XII 1697 - 1718
19%
Ulrika Eleonora 1718 - 1720
19%
Margareeta I 1389 - 1412
17%
Birger Jaarli ja poika Valdemar I 1250 - 1275
13%
Albrekt Mecklenburgilainen 1364 - 1389
10%
J.P. Oxenstierna ja Eerik A. Tott 1457
9%
Jöns Pentinpoika Oxenstierna 1465 - 1466
8%
Jöns Pentinpoika Oxenstierna, veli 1448
8%
Sten Sture nuorempi 1512 - 1520
8%
Sten Sture vanhempi 1501 - 1503
8%
Sten Sture vanhempi 1470 - 1497
8%
Matias Kettilmundinpoiks 1318 - 1319
4%
Svante Niilonpoika 1504 - 1511
4%
Birger Maununpoika 1290 - 1318
3%
Kristofer Baijerilainen 1440 - 1448
3%
Kustaa Eerikinpoika Vaasa 1521 - 1523
3%
Kettil K. Vaasa ja Kaarle VIII Kn. 1464 - 1465
2%
Juhana II (eli Hannu I) 1497 - 1501
1%
Ehtoja vastaavia visoja ei löytynyt
Tulosjakauma
Jokaisen tuloksen saaneiden osuus
Persentiili vastausten määrän mukaan
Tuloshistoriasi
Et ole pelannut tätä visaa